000 01120nam a22002657a 4500
005 20170124103155.0
010 _aB-236764
020 _c225.00
_a8189859056
035 _aB-236764
037 _bCen Lib/Ret
040 _aDPL
_bHN
082 _a954
_bभगवा
100 _aभगवान सिंह
_989508
245 _aभारत :
_cभगवान सिंह
_bतब से अब तक /
246 _aBharat : tab se ab tak /
_bby Bhagwan Singh
260 _aनयी दिल्ली
_bकिताबघर प्रकाशन
_c2007
270 _a4855-56/24, अंसारी रोड, दरियागंज
_bनयी दिल्ली
_e110002
300 _a222पृ.
_c21सेमी(सजिल्द)
500 _aअनुक्रमणिका शामिल
650 _aपुराण और जातीय इतिहास
_984099
650 _aभारतीय साहित्य
_989509
650 _aEthnic mythology and history
_989510
650 _aIndian literature
_989511
942 _2ddc
_cHN
_h954
_mभगवा
999 _c120285
_d120285